[Event "JUG-ch"]
[Site "Banja Vrucica"]
[Date "1991.??.??"]
[Round "?"]
[White "Sibarevic, Milenko"]
[Black "Vukovic, Zdravko"]
[Result "0-1"]
[WhiteElo "2370"]
[BlackElo "2395"]

1.e4 c5 2.Nf3 Nc6 3.d4 cxd4 4.Nxd4 Nf6 5.Nc3 d6 6.Bg5 e6 7.Qd2 Be7 8.O-O-O O-O
9.Nb3 Qb6 10.f3 Rd8 11.Kb1 d5 12.Bd3 a5 13.exd5 Nxd5 14.Bxe7 Ndxe7 15.Na4 Qa7
16.Qf4 Bd7 17.Nbc5 Be8 18.Qh4 Ng6 19.Bxg6 hxg6 20.Ne4 Rxd1+ 21.Rxd1 Rd8 22.Qe1 Rxd1+
23.Qxd1 Qd4 24.Nac3 Qxd1+ 25.Nxd1 Ne5 26.Ne3 Bc6 27.Nd2 b6 28.b3 Kf8 29.Kb2 Ke7
30.Kc3 g5 31.Kd4 Nd7 32.a3 e5+ 33.Kd3 Ke6 34.b4 axb4 35.axb4 f5 36.c4 Nf6
37.b5 Bb7 38.h3 Nd7 39.Nb3 g6 40.Kc3 Kd6 41.c5+ bxc5 42.Na5 Ba8 43.Nec4+ Kc7
44.b6+ Kb8 45.Kd2 Bd5 46.Ne3 Ba8 47.Nec4 e4 48.b7 Bxb7 49.Nxb7 Kxb7 50.fxe4 Kc6
51.exf5 gxf5 52.g3 Kd5 53.Ne3+ Ke4 54.Ke2 Ne5 55.Nd1 c4 56.Nc3+ Kd4 57.Nb5+ Kc5
58.Nc3 Kb4 59.Nd5+ Kb3 60.h4 c3 61.Nxc3 Kxc3 62.Ke3 Ng4+ 63.Kf3 Kd4 64.hxg5 Ke5
65.Kg2 Ke6 66.Kh3 Kf7  0-1

[Event "JUG-ch"]
[Site "Banja Vrucica"]
[Date "1991.??.??"]
[Round "?"]
[White "Matulovic, Milan"]
[Black "Kozul, Zdenko"]
[Result "0-1"]
[WhiteElo "2470"]
[BlackElo "2580"]

1.e4 c5 2.Nf3 Nc6 3.d4 cxd4 4.Nxd4 Nf6 5.Nc3 d6 6.Bg5 e6 7.Qd2 a6 8.O-O-O Bd7
9.f4 b5 10.Bxf6 gxf6 11.Kb1 Qb6 12.Nce2 Rc8 13.f5 Nxd4 14.Nxd4 e5 15.Ne2 b4
16.Ng3 h5 17.h4 Ke7 18.Bd3 a5 19.Qe2 a4 20.Bc4 Bh6 21.Nxh5 Rxc4 22.Qxc4 Rc8
23.Qd5 Bb5 24.g4 Bc4 25.Nxf6 Qa6 26.Ng8+ Rxg8 27.f6+ Kd7 28.Qxe5 Re8 29.Qf5+ Be6
30.Qf3 b3 31.cxb3 axb3 32.a3 Qc6 33.g5 Qc2+ 34.Ka1 Ra8 35.Rxd6+ Kc7 36.Qc3+ Qxc3
37.bxc3 Rxa3+ 38.Kb1 Kxd6 39.gxh6 Ra8 40.Rd1+ Ke5 41.Rd4 Rh8 42.Rb4 Rxh6
43.c4 Rxh4 44.Rxb3 Bxc4 45.Rb6 Rh2 46.Kc1 Kxe4 47.Rd6 Ke5 48.Rc6 Kd4 49.Kd1 Kd3
50.Ke1 Re2+  0-1

[Event "BUL-chT"]
[Site "Bankia"]
[Date "1991.??.??"]
[Round "2"]
[White "Stefanov, Krasimir"]
[Black "Kuzev, Borislav"]
[Result "1-0"]
[WhiteElo "2400"]
[BlackElo "2240"]

1.e4 c5 2.Nf3 d6 3.d4 cxd4 4.Nxd4 Nf6 5.Nc3 Nc6 6.Bg5 e6 7.Bb5 Bd7 8.Bxc6 bxc6
9.Qf3 e5 10.Nf5 Bxf5 11.Qxf5 Qd7 12.Qf3 Be7 13.Rd1 O-O 14.O-O Ne8 15.Qg3 Rd8
16.Be3 Qb7 17.b3 d5 18.Na4 d4 19.Bc1 f6 20.Qd3 Nd6 21.Nc5 Qc8 22.Bd2 Rfe8
23.Ba5 Nf7 24.Bxd8 Bxc5 25.Ba5 Bb6 26.Bd2 Nd6 27.c3 f5 28.f3 f4 29.cxd4 Bxd4+
30.Kh1 c5 31.Bc3 Qb7 32.Bxd4 cxd4 33.Rc1 Rc8 34.Rc2 Rd8 35.Rc5 Nf7 36.Rfc1 Qb4
37.Rc7 a5 38.Qc4 Qxc4 39.R7xc4 Kf8 40.Rc8 Ke7 41.Rxd8 Nxd8 42.Kg1 Kd6 43.Kf2 g5
44.Ke2 Ne6 45.Rc8 h5 46.Rh8 Kc5 47.a3 a4 48.Rc8+ Kb5 49.bxa4+ Kxa4 50.Re8 Nc7  1-0

[Event "Bayamo"]
[Site "Bayamo"]
[Date "1991.??.??"]
[Round "12"]
[White "Rodriguez, Amador"]
[Black "Hernandez, Gilberto"]
[Result "1/2-1/2"]
[WhiteElo "2530"]
[BlackElo "2525"]

1.e4 c5 2.Nf3 Nc6 3.d4 cxd4 4.Nxd4 Nf6 5.Nc3 d6 6.Bg5 e6 7.Qd2 Be7 8.O-O-O O-O
9.f4 h6 10.Bh4 e5 11.Nf5 Bxf5 12.exf5 exf4 13.Kb1 d5 14.Bxf6 Bxf6 15.Nxd5 Be5
16.Bc4 b5 17.Bb3 a5 18.a3 Rb8 19.g3 a4 20.Ba2 b4 21.axb4 Nxb4 22.Qe2 Nc6
23.c3 a3 24.b3 Re8 25.gxf4 Bf6 26.Qg2 Na5 27.Qc2 Kh8 28.b4 Nc6 29.Rhe1 Rxe1
30.Rxe1 Qd6 31.Bb3 a2+ 32.Kxa2 Ra8+ 33.Kb1 Nxb4 34.Nxb4 Qxb4 35.Re8+ Rxe8
36.cxb4 Re1+ 37.Qd1 Rxd1+ 38.Bxd1 Bd8 39.b5 Kg8 40.Kc2 Kf8 41.Kd3 Ke7 42.Bb3 f6
43.Ke4 Kd6  1/2-1/2

[Event "Beersheba"]
[Site "Beersheba"]
[Date "1991.??.??"]
[Round "?"]
[White "Dolmatov, Sergey"]
[Black "Greenfeld, Alon"]
[Result "1/2-1/2"]
[WhiteElo "2620"]
[BlackElo "2520"]

1.e4 c5 2.Nf3 d6 3.d4 cxd4 4.Nxd4 Nf6 5.Nc3 Nc6 6.Bg5 e6 7.Qd2 a6 8.O-O-O h6
9.Bf4 Bd7 10.Nxc6 Bxc6 11.f3 d5 12.Qe1 Bb4 13.a3 Ba5 14.Bd2 O-O 15.exd5 exd5
16.Bd3 Re8 17.Qh4 d4 18.Ne2 Bb6 19.Nf4 Rc8 20.Rhe1 Ba4 21.Kb1 Rxe1 22.Rxe1 Qc7
23.Rc1 Re8 24.g4 Qd8 25.Qf2 Bc6 26.Rf1 Nd7 27.Qg3 Ne5 28.Be2 Bc7 29.Qg2 b5
30.Rd1 Nc4 31.Nh5 Qe7 32.Bxc4 bxc4 33.Re1 Qf8 34.Rxe8 Qxe8 35.g5 hxg5  1/2-1/2

[Event "Beersheba"]
[Site "Beersheba"]
[Date "1991.??.??"]
[Round "?"]
[White "Tseitlin, Mark D"]
[Black "Greenfeld, Alon"]
[Result "0-1"]
[WhiteElo "2435"]
[BlackElo "2520"]

1.e4 c5 2.Nf3 d6 3.d4 cxd4 4.Nxd4 Nf6 5.Nc3 Nc6 6.Bg5 e6 7.Qd2 Be7 8.O-O-O O-O
9.Nb3 a6 10.h4 b5 11.f3 b4 12.Na4 Rb8 13.Bf4 Ne5 14.Bxe5 dxe5 15.Qxd8 Rxd8
16.Rxd8+ Bxd8 17.Nbc5 Ra8 18.Bc4 Bc7 19.Rd1 Kf8 20.Rd3 Ke7 21.a3 a5 22.Kb1 Nd7
23.Nxd7 Bxd7 24.Nc5 Bc6 25.axb4 axb4 26.Na6 Bd6 27.Rb3 Ba4 28.Rxb4 Bxb4 29.Nxb4 f5
30.Bd3 Bd7 31.b3 Rb8 32.c3 Kd6 33.Kb2 h5 34.Na6 Rg8 35.c4 g5 36.hxg5 Bc8
37.c5+ Kc6 38.b4 Bxa6 39.Bxa6 fxe4 40.fxe4 Rxg5 41.Bf1 Rg3 42.Kc2 Re3 43.Bc4 Rxe4
44.Kb3 Re3+ 45.Ka4 Rg3 46.Bb5+ Kd5 47.Ba6 e4 48.Bf1 Kc6 49.Bb5+ Kc7 50.Be8 e3
51.Bxh5 Rxg2 52.b5 e2 53.b6+ Kc6  0-1

[Event "Beijing op"]
[Site "Beijing"]
[Date "1991.??.??"]
[Round "1"]
[White "Wang Zili"]
[Black "Liu Xiaosa Guangdong"]
[Result "0-1"]
[WhiteElo "2500"]
[BlackElo "2220"]

1.e4 c5 2.Nf3 d6 3.d4 cxd4 4.Nxd4 Nf6 5.Nc3 Nc6 6.Bg5 e6 7.Qd2 a6 8.O-O-O h6
9.Bf4 Bd7 10.Nxc6 Bxc6 11.f3 d5 12.Qe1 Bb4 13.a3 Ba5 14.Bd2 O-O 15.Kb1 Bc7
16.exd5 Nxd5 17.Nxd5 exd5 18.Bd3 Re8 19.Qf2 Be5 20.g4 Qf6 21.Bc1 d4 22.Rhf1 Bf4
23.Bxf4 Qxf4 24.Be4 Bxe4 25.Rxd4 Rad8 26.Rxd8 Rxd8 27.Qb6 Rd2  0-1

[Event "Belgorod"]
[Site "Belgorod"]
[Date "1991.??.??"]
[Round "?"]
[White "Savon, Vladimir A"]
[Black "Sher, Miron N"]
[Result "0-1"]
[WhiteElo "2465"]
[BlackElo "2450"]

1.e4 c5 2.Nf3 Nc6 3.d4 cxd4 4.Nxd4 Nf6 5.Nc3 d6 6.Bg5 e6 7.Qd2 a6 8.O-O-O h6
9.Bf4 Bd7 10.Nxc6 Bxc6 11.Qe1 Qa5 12.f3 Rd8 13.Bc4 Be7 14.Bb3 b5 15.h4 Qb6
16.g4 b4 17.Be3 Qb7 18.Na4 Nd7 19.g5 h5 20.g6 fxg6 21.Qg3 Nf8 22.Rhg1 Bb5
23.Nb6 g5 24.hxg5 Qc6 25.Rge1 Rb8 26.Nd5 exd5 27.exd5 Qd7 28.Bd4 Kf7 29.g6+ Kg8
30.Re4 Rh6 31.f4 Rxg6 32.Qf3 Rg4 33.f5 Bg5+ 34.Kb1 Rxe4 35.Qxe4 Re8 36.Qg2 Qxf5
37.Rg1 Re2 38.Qg3 Qg4  0-1

[Event "Belgorod"]
[Site "Belgorod"]
[Date "1991.??.??"]
[Round "?"]
[White "Kiselev, Sergey"]
[Black "Sher, Miron N"]
[Result "0-1"]
[WhiteElo "2475"]
[BlackElo "2450"]

1.e4 c5 2.Nf3 Nc6 3.d4 cxd4 4.Nxd4 Nf6 5.Nc3 d6 6.Bg5 e6 7.Qd2 a6 8.O-O-O h6
9.Bh4 Nxe4 10.Qf4 Ng5 11.Nxc6 bxc6 12.Qa4 Qb6 13.f4 Nh7 14.Bc4 Rb8 15.Bb3 Bd7
16.Qe4 Be7 17.Bxe7 Kxe7 18.f5 Nf6 19.Qd3 d5 20.fxe6 Bxe6 21.Na4 Qa5 22.Qd4 Rb4
23.Qa7+ Nd7 24.Rd4 c5 25.Rxb4 Qxb4 26.Qc7 Qb8 27.Qxb8 Rxb8 28.c3 Kd6 29.Rd1 Nf6
30.Bc2 Bd7 31.a3 a5 32.c4 Bxa4 33.Bxa4 d4 34.Bb5 Rb7 35.b4 axb4 36.axb4 Ne4
37.Rf1 cxb4 38.Kc2 Ra7 39.Kd3 Nc5+ 40.Kxd4 Ra3 41.Rf3  0-1

[Event "Belgrade op"]
[Site "Belgrade"]
[Date "1991.??.??"]
[Round "?"]
[White "Ermenkov, Evgenij"]
[Black "Kovacevic, Predrag"]
[Result "1-0"]
[WhiteElo "2510"]
[BlackElo "2385"]

1.e4 c5 2.Nf3 Nc6 3.d4 cxd4 4.Nxd4 Nf6 5.Nc3 d6 6.Bg5 e6 7.Qd2 a6 8.O-O-O Be7
9.f4 Bd7 10.Nf3 b5 11.Bxf6 gxf6 12.Kb1 Qb6 13.f5 O-O-O 14.g3 Kb8 15.fxe6 fxe6
16.Bh3 Bc8 17.Qh6 Qc5 18.Rhf1 a5 19.Ne2 Nb4 20.Qd2 d5 21.e5 d4 22.Nexd4 fxe5
23.Nxe5 Bb7 24.a3 Qxe5 25.axb4 Bf6 26.Qf2 Rhf8 27.bxa5 Qc5 28.Nc6+ Qxc6 29.Rxd8+ Rxd8
30.Qxf6 Rd2 31.Qf4+ Qd6 32.Bxe6 Qxf4 33.gxf4 Be4 34.Bb3 Bf5 35.Re1 Rd4 36.Re5 Rxf4
37.Rxb5+ Ka7 38.Ka2 h5 39.Ka3 Rf2 40.Rc5 h4 41.Rc7+ Kb8 42.Rf7  1-0

[Event "Biel op (Women)"]
[Site "Biel"]
[Date "1991.??.??"]
[Round "3"]
[White "Erneste, Inguna"]
[Black "Madl, Ildiko"]
[Result "1-0"]
[WhiteElo "2205"]
[BlackElo "2370"]

1.e4 c5 2.Nf3 d6 3.d4 cxd4 4.Nxd4 Nf6 5.Nc3 Nc6 6.Bg5 e6 7.Qd2 a6 8.O-O-O Bd7
9.f4 h6 10.Bh4 g5 11.fxg5 Ng4 12.Kb1 Nge5 13.Nf3 Be7 14.Nxe5 Nxe5 15.Bg3 hxg5
16.Qd4 Qa5 17.Be2 O-O-O 18.Rhf1 Rh7 19.h3 Bc6 20.a4 Qc7 21.b4 Be8 22.b5 axb5
23.axb5 b6 24.Kb2 Kb7 25.Ra1 Rb8 26.Ra4 Kc8 27.Bg4 Bd7 28.Be2 Kd8 29.Qe3 Ke8
30.Qf2 Bf8 31.Bxe5 dxe5 32.Rc4 Qd8 33.Qg3 Bd6 34.Ra4 Qe7 35.Ra3 f6 36.Ra6 Rd8
37.Kb3 Bc5 38.Na4 Bd4 39.c3 Bc5 40.Qd3 Rb8 41.Nxc5 bxc5 42.Qd6 Qxd6 43.Rxd6 Kd8
44.b6 Ke8 45.Bb5  1-0

[Event "Biel op (Women)"]
[Site "Biel"]
[Date "1991.??.??"]
[Round "9"]
[White "Botan, Madalina S"]
[Black "Madl, Ildiko"]
[Result "0-1"]
[WhiteElo "2175"]
[BlackElo "2370"]

1.e4 c5 2.Nf3 d6 3.d4 cxd4 4.Nxd4 Nf6 5.Nc3 Nc6 6.Bg5 e6 7.Qd2 Be7 8.f3 O-O
9.O-O-O Nxd4 10.Qxd4 Qa5 11.h4 Rd8 12.Kb1 Bd7 13.g4 Bc6 14.Bd2 Qc5 15.Qd3 d5
16.Be3 Qa5 17.e5 d4 18.Bxd4 Nxg4 19.fxg4 Bxh1 20.Qe3 Rxd4 21.Qxd4 Rd8 22.Qe3 Rxd1+
23.Nxd1 Bxh4 24.Nc3 Bc6 25.Bd3 h6 26.a3 Qb6 27.Qf4 Bg5 28.Qc4 Qg1+ 29.Ka2 Qe3
30.b4 Qxe5 31.b5 Bd7 32.Ne4 Be7 33.a4 b6 34.c3 g6 35.Kb3 Kg7 36.Nd2 Qd5 37.Qxd5  0-1

[Event "Latin Cup"]
[Site "Bogota"]
[Date "1991.??.??"]
[Round "10"]
[White "Rodriguez, Amador"]
[Black "Gamboa, Nelson"]
[Result "1-0"]
[WhiteElo "2530"]
[BlackElo "2305"]

1.e4 c5 2.Nf3 d6 3.d4 cxd4 4.Nxd4 Nf6 5.Nc3 Nc6 6.Bg5 Bd7 7.Qd2 Rc8 8.f4 Nxd4
9.Qxd4 Qa5 10.e5 dxe5 11.fxe5 e6 12.O-O-O Bc6 13.Nb5 Bxb5 14.exf6 Bc6 15.h4 Rg8
16.Bc4 gxf6 17.Qxf6 Rg6 18.Qf4 h6 19.Bf6 Rxg2 20.Rdf1 Qa4 21.b3 Qa3+ 22.Kb1 Bg7
23.Bxg7 Rxg7 24.Qf6 Kf8 25.Qxe6  1-0

[Event "Borovo"]
[Site "Borovo"]
[Date "1991.??.??"]
[Round "6"]
[White "Palac, Mladen"]
[Black "Panchenko, Alexander N"]
[Result "1-0"]
[WhiteElo "2475"]
[BlackElo "2445"]

1.e4 c5 2.Nf3 Nc6 3.d4 cxd4 4.Nxd4 Nf6 5.Nc3 d6 6.Bg5 Bd7 7.f4 Qb6 8.Nb3 e6
9.Qd2 Be7 10.O-O-O O-O 11.Be2 Rfd8 12.g4 a5 13.a4 Nb4 14.Bf3 Rac8 15.Kb1 Be8
16.f5 Qa6 17.Nd4 e5 18.Ndb5 Bxb5 19.axb5 Qa8 20.Be3 a4 21.g5 Nd7 22.Nd5 Nxd5
23.Qxd5 a3 24.Bh5 axb2 25.Kxb2 Qa4 26.Bxf7+ Kh8 27.Qb3 Qxe4 28.Bd5 Rxc2+
29.Qxc2 Qxe3 30.f6 gxf6 31.g6 Ra8 32.Rd3 Qa7 33.Qg2 Bf8 34.g7+ Bxg7 35.Rg1  1-0

[Event "Borsodtavho"]
[Site "Borsodtavho"]
[Date "1991.??.??"]
[Round "2"]
[White "Somlai, Laszlo"]
[Black "Sjoberg, Mats"]
[Result "1/2-1/2"]
[WhiteElo "2385"]
[BlackElo "2360"]

1.e4 c5 2.Nf3 Nc6 3.d4 cxd4 4.Nxd4 Nf6 5.Nc3 d6 6.Bg5 e6 7.Qd2 a6 8.O-O-O h6
9.Bf4 Bd7 10.Nxc6 Bxc6 11.f3 d5 12.Qe1 Bb4 13.a3 Ba5 14.Bd2 Qe7 15.e5 Nd7
16.f4 Bb6 17.Bd3 Nc5 18.Be3 O-O-O 19.Bf2 Kb8 20.Kb1 g5 21.Ne2 Nxd3 22.Rxd3 Bxf2
23.Qxf2 Bb5 24.Rd2 Bxe2 25.Rxe2 Rd7 26.f5 d4 27.Rd1 Rhd8 28.fxe6 Qxe6 29.Rd3 Rd5
30.h4 Rxe5 31.Rxe5 Qxe5 32.hxg5 Qxg5 33.Qxf7 Qxg2 34.Qf4+ Ka8 35.Qxh6 Re8
36.Rd1 Rc8 37.Qd2 Qe4 38.Qd3 Qc6 39.Rd2 Qh1+ 40.Ka2 Qd5+ 41.b3 Qc5 42.Qxd4  1/2-1/2

[Event "Borsodtavho"]
[Site "Borsodtavho"]
[Date "1991.??.??"]
[Round "2"]
[White "Luecke, Norbert"]
[Black "Thorsteins, Karl"]
[Result "0-1"]
[WhiteElo "2390"]
[BlackElo "2480"]

1.e4 c5 2.Nf3 Nc6 3.d4 cxd4 4.Nxd4 Nf6 5.Nc3 d6 6.Bg5 e6 7.Qd2 Be7 8.O-O-O O-O
9.Nb3 a6 10.Bxf6 gxf6 11.Qh6 Kh8 12.Qh5 b5 13.Bd3 Ne5 14.f4 Ng6 15.Rhf1 Rg8
16.Kb1 b4 17.Ne2 a5 18.Nbd4 Qb6 19.e5 a4 20.exf6 Bxf6 21.f5 exf5 22.Bxf5 Bb7
23.Bd7 Bg7 24.Rxf7 b3 25.Bf5 bxc2+ 26.Bxc2 Rab8 27.Qb5 Qxb5 28.Nxb5 Ba6 29.Nbc3 Bxe2
30.Nxe2 Rxb2+ 31.Kc1 Rc8 32.Rd2 Rxa2 33.Kd1 Ra1+ 34.Nc1 Bh6  0-1

[Event "Borsodtavho"]
[Site "Borsodtavho"]
[Date "1991.??.??"]
[Round "2"]
[White "Luther, Thomas"]
[Black "Lendwai, Reinhard"]
[Result "1/2-1/2"]
[WhiteElo "2470"]
[BlackElo "2405"]

1.e4 c5 2.Nf3 d6 3.d4 cxd4 4.Nxd4 Nf6 5.Nc3 Nc6 6.Bg5 Bd7 7.Qd2 Rc8 8.O-O-O Nxd4
9.Qxd4 Qa5 10.Bd2 e5 11.Qd3 a6 12.a3 Qc5 13.Be3 Qa5 14.Bd2 Qc5 15.Be3 Qa5  1/2-1/2

[Event "Borsodtavho"]
[Site "Borsodtavho"]
[Date "1991.??.??"]
[Round "13"]
[White "Luecke, Norbert"]
[Black "Sjoberg, Mats"]
[Result "1-0"]
[WhiteElo "2390"]
[BlackElo "2360"]

1.e4 c5 2.Nf3 Nc6 3.d4 cxd4 4.Nxd4 Nf6 5.Nc3 d6 6.Bg5 e6 7.Qd2 a6 8.O-O-O h6
9.Bf4 Bd7 10.Nxc6 Bxc6 11.f3 d5 12.Qe1 Bb4 13.a3 Ba5 14.Bd2 Qe7 15.e5 Nd7
16.Kb1 O-O-O 17.Nxd5 exd5 18.Bxa5 Rde8 19.f4 f6 20.exf6 Qxf6 21.Qf2 Rhf8
22.g3 d4 23.Rg1 Re3 24.Bh3 Rfe8 25.Bb6 Qf7 26.Qd2 R8e4 27.Bxd4 Re2 28.Qa5 Qc4
29.Bc3 Ba4 30.b3 Bxb3 31.Rxd7 Kb8 32.Qb6 Ba2+ 33.Kc1 Rxc2+ 34.Kxc2 Re2+ 35.Rd2 Bb3+
36.Qxb3 Rxd2+ 37.Kxd2 Qxb3 38.Be5+ Ka8 39.Rc1  1-0

[Event "CSR-ch"]
[Site "Bratislava"]
[Date "1991.??.??"]
[Round "8"]
[White "Rasik, Vitezslav"]
[Black "Banas, Jan"]
[Result "0-1"]
[WhiteElo "2410"]
[BlackElo "2370"]

1.e4 c5 2.Nf3 d6 3.Nc3 Nc6 4.d4 cxd4 5.Nxd4 Nf6 6.Bg5 e6 7.Qd2 a6 8.O-O-O Bd7
9.f3 Nxd4 10.Qxd4 Be7 11.g4 h6 12.Be3 Bc6 13.Bg2 Nd7 14.Kb1 Qa5 15.h4 O-O-O
16.Qxg7 Bf6 17.Qxf7 Bxc3 18.bxc3 Qb5+ 19.Kc1 Qe2 20.Rde1 Qxg2 21.Rhg1 Qh2
22.Bf4 Qxh4 23.Bxd6 Qg5+ 24.Bf4 Qg8 25.Qh5 e5 26.Bxe5 Nxe5 27.Qxe5 Qxa2 28.c4 Qa3+
29.Kb1 Qxf3 30.Qf5+ Qxf5 31.gxf5 Rdf8 32.Rgf1 h5 33.e5 h4 34.e6 Rf6 35.e7 h3
36.Re6 Rxe6 37.fxe6 Re8  0-1

[Event "Budapest"]
[Site "Budapest"]
[Date "1991.??.??"]
[Round "1"]
[White "Varga, Zoltan"]
[Black "Stajcic, Nikola"]
[Result "1-0"]
[WhiteElo "2370"]
[BlackElo "2345"]

1.e4 c5 2.Nf3 d6 3.d4 cxd4 4.Nxd4 Nf6 5.Nc3 Nc6 6.Bg5 e6 7.Qd2 a6 8.O-O-O h6
9.Bf4 Bd7 10.Nxc6 Bxc6 11.f3 d5 12.Qe1 Bb4 13.a3 Ba5 14.Bd2 Qe7 15.e5 Nd7
16.Kb1 Bc7 17.f4 f6 18.exf6 gxf6 19.Bc1 f5 20.Ne2 Bb6 21.Nd4 Bxd4 22.Rxd4 Nf6
23.Be3 Ne4 24.Be2 Rg8 25.Bh5+ Kd7 26.Bf3 b5 27.Bd2 Kc8 28.Bb4 Rb8 29.Qe3 Rb7
30.Rhd1 Kb8 31.g4 Ka8 32.gxf5 exf5 33.R4d3 Rd7 34.Qb6 Bb7 35.Qxh6 Rc8 36.Rd4 Qf7
37.Qh4 Qg7 38.Bxe4 fxe4 39.f5 Qg2 40.Bc3 Qf3 41.f6 Rf7 42.R4d2 Rxc3 43.bxc3 Qxc3
44.Rxd5 Bxd5 45.Rxd5 Rxf6 46.Qxe4 Kb8 47.Qe8+  1-0

[Event "Budapest IM (Women)"]
[Site "Budapest"]
[Date "1991.??.??"]
[Round "2"]
[White "Lukasiewicz, Anna"]
[Black "Zimmersmann, Rita"]
[Result "0-1"]
[WhiteElo "2115"]
[BlackElo "2200"]

1.e4 c5 2.Nf3 Nc6 3.d4 cxd4 4.Nxd4 Nf6 5.Nc3 d6 6.Bg5 e6 7.Qd2 a6 8.O-O-O Bd7
9.f4 b5 10.Bxf6 gxf6 11.f5 h5 12.Kb1 Qb6 13.Nb3 Be7 14.g3 O-O-O 15.Bh3 Kb8
16.Ne2 Bc8 17.fxe6 fxe6 18.Nf4 d5 19.Nxe6 Bxe6 20.Bxe6 dxe4 21.Qf4+ Ne5 22.Bd5 e3
23.Rhe1 Rd6 24.Bf3 Nxf3 25.Rxd6 Bxd6 26.Qxf3 Be5 27.Rxe3 h4 28.Re1 hxg3 29.hxg3 Qb7
30.Qd1 Qc7 31.Nc1 Rd8 32.Qf3 Rd2 33.Qb3 Qc4 34.Ne2 Rxe2 35.Rxe2 Qxe2 36.Qg8+ Kb7
37.Qf7+ Kb6 38.Qe6+ Kc5 39.Qe7+ Kd4 40.Qb4+ Qc4 41.Qd2+ Kc5 42.Qe3+ Qd4 43.Qa3+ Kb6  0-1

[Event "Budapest IM"]
[Site "Budapest"]
[Date "1991.??.??"]
[Round "6"]
[White "Almasi, Istvan"]
[Black "Feher, Gyula"]
[Result "1/2-1/2"]
[WhiteElo "2280"]
[BlackElo "2375"]

1.e4 c5 2.Nf3 Nc6 3.d4 cxd4 4.Nxd4 Nf6 5.Nc3 d6 6.Bg5 Bd7 7.Bxf6 gxf6 8.Nxc6 bxc6
9.Qh5 Qb6 10.Bc4 e6 11.Bb3 Qd4 12.O-O Qe5  1/2-1/2

[Event "Budapest Kasparov"]
[Site "Budapest"]
[Date "1991.??.??"]
[Round "6"]
[White "Spiriev, Peter"]
[Black "Reeh, Oliver"]
[Result "1/2-1/2"]
[WhiteElo "2285"]
[BlackElo "2470"]

1.e4 c5 2.Nf3 d6 3.d4 cxd4 4.Nxd4 Nf6 5.Nc3 Nc6 6.Bg5 e6 7.Qd2 Be7 8.O-O-O O-O
9.Nb3 Qb6 10.f3 Rd8 11.Kb1 Qc7 12.Bf4 a6 13.g4 b5 14.h4 b4 15.Na4 Rb8 16.h5 e5
17.Be3 d5 18.exd5 Nxd5 19.Bd3 e4 20.fxe4 Nxe3 21.Qxe3 Bxg4 22.Rdg1 Ne5 23.Qf4 Bd7
24.Qg3  1/2-1/2

[Event "Spring op"]
[Site "Budapest"]
[Date "1991.??.??"]
[Round "8"]
[White "Fogarasi, Tibor"]
[Black "Perevertkin, Vladimir"]
[Result "1-0"]
[WhiteElo "2410"]
[BlackElo "2345"]

1.e4 c5 2.Nf3 d6 3.d4 cxd4 4.Nxd4 Nf6 5.Nc3 Nc6 6.Bg5 e6 7.Qd2 a6 8.O-O-O h6
9.Be3 Nxd4 10.Bxd4 b5 11.Bd3 Be7 12.f4 Qa5 13.Qf2 Rb8 14.e5 dxe5 15.fxe5 Nd7
16.Kb1 Nb6 17.Ne4 Nd5 18.Rhf1 Rf8 19.Bc5 b4 20.Bxe7 Kxe7 21.Bc4 Bb7 22.Qh4+ Kd7
23.Nd6 f5 24.Qg3 g5 25.Qh3 Rh8 26.Nxb7 Rxb7 27.Bxd5 exd5 28.Qxf5+ Kc7 29.e6 Kb8
30.Qe5+  1-0

[Event "Buenos Aires Konex"]
[Site "Buenos Aires"]
[Date "1991.??.??"]
[Round "8"]
[White "Valiente, Cristobal"]
[Black "Rubinetti, Jorge A"]
[Result "1/2-1/2"]
[WhiteElo "2370"]
[BlackElo "2440"]

1.e4 c5 2.Nf3 d6 3.d4 cxd4 4.Nxd4 Nf6 5.Nc3 Nc6 6.Bg5 e6 7.Qd2 Be7 8.O-O-O O-O
9.f3 a6 10.Kb1 Nxd4 11.Qxd4 Nxe4 12.Nxe4 Bxg5 13.Qxd6 Be7 14.Qxd8 Rxd8 15.Rxd8+ Bxd8
16.Nd6 Bc7 17.Nxc8 Rxc8 18.Bd3 f5 19.g4 g6 20.h4 h5 21.gxh5 gxh5 22.Kc1 Kf7
23.Kd2 Rg8 24.b4 Rg2+ 25.Be2 Kf6 26.Kd3 Bf4 27.a4 Rg8 28.c4 Ke5 29.Kc3 Rg2
30.Kd3 Kd6 31.a5 e5 32.b5 axb5 33.cxb5 Kd5 34.Rd1 Kc5 35.a6 bxa6 36.bxa6 Kb6
37.Ra1 Ka7 38.Ra2 Rh2 39.Kc4 Rxh4 40.Kb5 Rh1 41.Rc2 Rb1+ 42.Ka5 Kb8 43.Bd3 Ra1+
44.Kb5 Rb1+ 45.Ka5 e4 46.fxe4 Bc7+ 47.Ka4 Ra1+ 48.Kb5 fxe4 49.Bxe4 Ra5+  1/2-1/2

[Event "Cacak"]
[Site "Cacak"]
[Date "1991.??.??"]
[Round "6"]
[White "Nikolic, Stanimir"]
[Black "Damljanovic, Branko"]
[Result "1/2-1/2"]
[WhiteElo "2325"]
[BlackElo "2560"]

1.e4 c5 2.Nf3 Nc6 3.d4 cxd4 4.Nxd4 Nf6 5.Nc3 d6 6.Bg5 e6 7.Be2 Be7 8.O-O O-O
9.Be3 a6 10.f4 Qc7 11.Qe1 Nxd4 12.Bxd4 b5 13.a3 Bb7 14.Qg3 Rae8 15.Kh1 Bd8
16.e5 dxe5 17.Bxe5 Qc8 18.Rad1 g6 19.Bf3 Nd7 20.Rfe1 f5 21.Bd6 Rf7 22.Rd2 Bxf3
23.Qxf3 Bf6 24.Bb4 Be7 25.Ba5 Nf6 26.h3 Bf8 27.Rde2 h5 28.Bb6 Bg7 29.Bd4 Rff8
30.Nd1 Ne4 31.Bxg7 Kxg7 32.Nf2 Nxf2+ 33.Qxf2 Kf7 34.Qb6 Re7 35.Rd2 Qc4 36.Qd6 Ra8
37.Qe5 Rc8 38.Rd6 a5 39.c3 Qc5 40.Rxe6 Qxe5 41.R6xe5 Rxe5 42.Rxe5 b4 43.cxb4 axb4
44.Re3 Rc4 45.Rf3 bxa3 46.bxa3 h4 47.g3 Rc1+ 48.Kg2 Rc2+ 49.Kf1 hxg3 50.Rxg3 Kf6
51.Ke1 Rc4 52.Rf3 g5 53.fxg5+ Kxg5 54.Kf2 Rc2+ 55.Kg3 Rc4 56.Rb3 Ra4 57.Kf2 Rh4
58.Ke2 Kf6 59.Re3 Rd4 60.Rd3 Ra4 61.Kd2 Ke5 62.Rb3 Rd4+ 63.Kc2 f4 64.Rd3 Ra4
65.Kd2 Ke4 66.Rb3 Ra8 67.Ke2 Rg8 68.Kf2 Rc8 69.h4 Rc2+ 70.Kg1 f3  1/2-1/2

[Event "Cacak"]
[Site "Cacak"]
[Date "1991.??.??"]
[Round "9"]
[White "Cabrilo, Goran"]
[Black "Nikolic, Stanimir"]
[Result "1-0"]
[WhiteElo "2490"]
[BlackElo "2325"]

1.e4 c5 2.Nf3 Nc6 3.d4 cxd4 4.Nxd4 Nf6 5.Nc3 d6 6.Bg5 e6 7.Qd2 a6 8.O-O-O h6
9.Be3 Ng4 10.Nxc6 bxc6 11.Bc5 Qg5 12.Qxg5 hxg5 13.Be2 Rh4 14.h3 dxc5 15.Bxg4 a5
16.Rhe1 Ba6 17.e5 Be7 18.Ne4 Rd8 19.Nd2 Rh8 20.Bf3 Kd7 21.Nb3+ Kc7 22.Nxa5 Bb7
23.Nc4 Rxd1+ 24.Rxd1 f5 25.exf6 gxf6 26.Re1 e5 27.Ne3 Ra8 28.a3 Rd8 29.Be4 Ba6
30.Rd1 Rd4 31.f3 c4 32.c3 Rxd1+ 33.Kxd1 Bb5 34.Kd2 Bc5 35.Bh7 Kd6 36.g3 Ke6
37.Bg8+ Ke7 38.Bh7 Kf7 39.Bf5 Ke7 40.Bb1 Bb6 41.Ba2 Kd6 42.Nxc4+ Bxc4 43.Bxc4 Bf2
44.g4 Bg3 45.b4 Bf4+ 46.Kc2 Be3 47.Bd3 Bf2 48.Be4 Be1 49.Kb3 Bd2 50.a4 Kc7
51.Kc4 Be1 52.Kd3 Kd6 53.Bh7 Kc7 54.Bf5 Kd6 55.Bg6 Kc7 56.Be8 Kd6 57.Bh5 Kc7
58.Bf7 Kd6 59.Ba2 Kc7 60.Bb1 Kd6 61.Kc4  1-0

[Event "Cappelle op"]
[Site "Cappelle la Grande"]
[Date "1991.??.??"]
[Round "?"]
[White "Boudre, Jean Pierre"]
[Black "Lanc, Alois"]
[Result "0-1"]
[WhiteElo "2365"]
[BlackElo "2470"]

1.e4 c5 2.Nf3 Nc6 3.d4 cxd4 4.Nxd4 Nf6 5.Nc3 d6 6.Bg5 e6 7.Qd2 a6 8.O-O-O h6
9.Bf4 Bd7 10.Nxc6 Bxc6 11.f3 d5 12.Qe1 Bb4 13.a3 Ba5 14.Bd2 O-O 15.exd5 Nxd5
16.Nxd5 Bxd2+ 17.Rxd2 Bxd5 18.Bc4 Rc8 19.Bxd5 exd5 20.Qe5 Rc5 21.Re1 Qc8
22.Rde2 Qc6 23.Qf5 b5 24.Re7 a5 25.Kb1 b4 26.a4 Qxa4 27.Ra7 b3 28.cxb3 Qb5
29.Ree7 Qf1+ 30.Ka2 Rc1  0-1

[Event "Cheliabinsk-A"]
[Site "Cheliabinsk"]
[Date "1991.??.??"]
[Round "?"]
[White "Nielsen, Peter Heine"]
[Black "Ulibin, Mikhail"]
[Result "1/2-1/2"]
[WhiteElo "2445"]
[BlackElo "2565"]

1.e4 c5 2.Nf3 Nc6 3.d4 cxd4 4.Nxd4 Nf6 5.Nc3 d6 6.Bg5 e6 7.Qd2 a6 8.O-O-O h6
9.Bf4 Bd7 10.Nxc6 Bxc6 11.f3 d5 12.Qe1 Bb4 13.a3 Ba5 14.Bd2 Qe7 15.exd5 Nxd5
16.Nxd5 Bxd2+ 17.Rxd2 Bxd5 18.Qe3 Bc6 19.Bd3 O-O 20.Rhd1 Rfd8  1/2-1/2

[Event "Cheliabinsk-A"]
[Site "Cheliabinsk"]
[Date "1991.??.??"]
[Round "?"]
[White "Magomedov, Magaram"]
[Black "Sorokin, Maxim"]
[Result "1-0"]
[WhiteElo "2475"]
[BlackElo "2510"]

1.e4 c5 2.Nf3 d6 3.d4 cxd4 4.Nxd4 Nf6 5.Nc3 Nc6 6.Bg5 e6 7.Qd2 a6 8.O-O-O Bd7
9.f4 b5 10.Bxf6 gxf6 11.Kb1 Qb6 12.Nce2 h5 13.f5 Bh6 14.Qe1 Ne5 15.g3 O-O-O
16.Nf4 Bxf4 17.gxf4 Nc6 18.fxe6 fxe6 19.Nb3 Qc7 20.Qd2 e5 21.f5 Ne7 22.Qxd6 Qxd6
23.Rxd6 Bc6 24.Rxd8+ Kxd8 25.Bd3 Rg8 26.a3 Kc7 27.Nc5 a5 28.b4 axb4 29.axb4 Rg2
30.h4 Nc8 31.Bf1 Rg3 32.Be2 Nd6 33.Bxh5 Nxe4 34.Rh2 Nc3+ 35.Kb2 e4 36.Bg6 Na4+
37.Nxa4 bxa4 38.Bf7 a3+ 39.Ka2 e3 40.Bc4 Rg2 41.Rxg2 Bxg2 42.Be2 Be4 43.c4 Bxf5
44.Kxa3 Be4 45.Kb3 Kd6 46.Kc3 Ke5 47.h5 f5 48.h6 f4 49.Bf3  1-0

[Event "Cheliabinsk-A"]
[Site "Cheliabinsk"]
[Date "1991.??.??"]
[Round "?"]
[White "Dvoirys, Semen I"]
[Black "Kiselev, Sergey"]
[Result "1-0"]
[WhiteElo "2525"]
[BlackElo "2510"]

1.e4 c5 2.Nf3 Nc6 3.d4 cxd4 4.Nxd4 Nf6 5.Nc3 d6 6.Bg5 e6 7.Qd2 a6 8.O-O-O h6
9.Be3 Be7 10.f4 Nxd4 11.Bxd4 b5 12.Bd3 Bb7 13.Rhe1 O-O 14.Kb1 Rc8 15.Qf2 Nd7
16.Ne2 e5 17.Be3 Bh4 18.Ng3 Qf6 19.Rf1 Rfe8 20.Qf3 Bxg3 21.Qxg3 Qg6 22.Qh4 exf4
23.Rxf4 Ne5 24.Bd4 Re6 25.Rdf1 f6 26.Bxe5 Rxe5 27.Rg4 Rg5 28.Rxg5 Qxg5 29.Qh3 Qc5
30.Qe6+ Kh8 31.a3 Rg8 32.Rxf6 Qg1+ 33.Rf1 Qxg2 34.Qf5 Bc8 35.Qf4 Qg6 36.e5 dxe5
37.Qxe5 Qc6 38.Rg1 Qe6 39.Qd4 Qf6 40.Qe4 g6 41.Rxg6 Rxg6 42.Qxg6 Qxg6 43.Bxg6 Kg7
44.Be8 Kf6 45.h4 Ke7 46.Bh5 a5 47.b4 axb4 48.axb4 Bd7 49.Kc1 Kd6 50.Kd2 Ke5
51.Ke3 Bc6 52.Be2 Be8 53.c3 Bc6 54.Bd3 Be8 55.Be4 Bd7 56.Bb7 Be8 57.Kf3 Bd7
58.Kg3 Kf5 59.Bf3 Ke5 60.Bg2  1-0